Lifestyle changes and their influence on customer behavior

Globalizácia v obchode, neustála expanzia významných európskych a svetových obchodných sietí do krajín SVE a rast počtu nákupno-zábavných centier majú za následok zmeny v spotrebiteľskom správaní tak na Slovensku, ako aj v Česku. Informácie o socio-demografických charakteristikách a nákupnej orientá...

ver descrição completa

Na minha lista:
Detalhes bibliográficos
Autor principal: Nagyová, Ľudmila
Outros Autores: Foret, Miroslav, Kročanová, Mária
Formato: Capítulo de Livro
Idioma:inglês
Assuntos:
Tags: Adicionar Tag
Sem tags, seja o primeiro a adicionar uma tag!

MARC

LEADER 00000naa$a2200000$$$4500
001 0052905
005 20231114071731.8
041 0 |a eng 
044 |a CZ 
245 1 0 |a Lifestyle changes and their influence on customer behavior  |c Ľudmila Nagyová, Miroslav Foret, Mária Kročanová 
520 |a Globalizácia v obchode, neustála expanzia významných európskych a svetových obchodných sietí do krajín SVE a rast počtu nákupno-zábavných centier majú za následok zmeny v spotrebiteľskom správaní tak na Slovensku, ako aj v Česku. Informácie o socio-demografických charakteristikách a nákupnej orientácii zákazníkov, získané na základe marketingového prieskumu. Nakupovanie v nákupno-zábavných centrách v oboch krajinách sa stáva súčasťou životného štýlu, trávenia voľného času a zábavy. 
610 2 0 |a spotrebitelia 
610 2 0 |a správanie spotrebiteľa 
610 2 0 |a centrá obchodné 
610 2 0 |a centrá nákupné 
610 2 0 |a štýl životný 
610 2 0 |a Slovensko 
610 2 0 |a Česko 
100 1 |a Nagyová, Ľudmila 
700 1 |a Foret, Miroslav 
700 1 |a Kročanová, Mária